000 01163cam a22003137a 4500
003 CHAP
005 20220329135912.0
008 971013s1980 r 00010 d
010 _a43899
011 _a44871
035 _a49010
040 _cCHAP
082 _a338.1
_bS35
100 0 0 _aSaid Noori-Naini, Mohammad.
_9101207
245 1 3 _aAn economic analysis of resource allocation issues in traditional agriculture; a case study of the Neishaboor District of IrĂ¡n, 1969-70
260 _aIthaca, N.Y. :
_bState College of Agriculture and Life Science,
_c1980
300 _a100 p.
490 0 _aCornell International Agriculture Mineograph
_v; 61
590 _aBATCH-UPD
_b10
_c20130110
_lUCH01
_h0329
590 _aBATCH-UPD
_b10
_c20130110
_lUCH01
_h2301
590 _aBATCH-UPD
_b10
_c20130410
_lUCH01
_h1553
590 _aCONVERSION
_b10
_c20130109
_lUCH01
_h1324
650 1 4 _aAgricultura
_xAspectos economicos
_xIran.
_91260
650 1 4 _aAgricultura
_xFinanzas.
_91486
830 0 _aCornell International Agriculture Mineograph
_v; 61
_928059
901 _aBK
942 _cLIBRO
949 _a338.1 S35
_bBC
_cLIBRO
_d33724000346490
_eLIBRO
_h54903
_i49010
_mD
_si
999 _c43899
_d43899